|
|
|
|
| LEADER |
02020nam a22003853i 4500 |
| 001 |
EBC4866690 |
| 003 |
MiAaPQ |
| 005 |
20240729202202.0 |
| 006 |
m o d | |
| 007 |
cr cnu|||||||| |
| 008 |
240729s2017 xx o ||||0 eng d |
| 020 |
|
|
|a 9789176855102
|q (electronic bk.)
|
| 035 |
|
|
|a (MiAaPQ)EBC4866690
|
| 035 |
|
|
|a (Au-PeEL)EBL4866690
|
| 035 |
|
|
|a (CaPaEBR)ebr11391039
|
| 035 |
|
|
|a (OCoLC)988870998
|
| 040 |
|
|
|a MiAaPQ
|b eng
|e rda
|e pn
|c MiAaPQ
|d MiAaPQ
|
| 100 |
1 |
|
|a Björnsson, Andreas.
|
| 245 |
1 |
0 |
|a Automated Layup and Forming of Prepreg Laminates.
|
| 250 |
|
|
|a 1st ed.
|
| 264 |
|
1 |
|a Linköping :
|b Linkopings Universitet,
|c 2017.
|
| 264 |
|
4 |
|c {copy}2017.
|
| 300 |
|
|
|a 1 online resource (148 pages)
|
| 336 |
|
|
|a text
|b txt
|2 rdacontent
|
| 337 |
|
|
|a computer
|b c
|2 rdamedia
|
| 338 |
|
|
|a online resource
|b cr
|2 rdacarrier
|
| 490 |
1 |
|
|a Linköping Studies in Science and Technology. Dissertations Series ;
|v v.1858
|
| 505 |
0 |
|
|a Intro -- ABSTRACT -- SAMMANFATTNING -- ACKNOWLEDGMENTS -- APPENDED PAPERS -- OTHER PUBLICATIONS -- TABLE OF CONTENTS -- LIST OF FIGURES -- LIST OF TABLES -- 1 INTRODUCTION -- 2 RESEARCH METHOD -- 3 MANUFACTURING SYSTEMS,AUTOMATION AND FLEXIBILITY -- 4 MANUFACTURING OFCOMPOSITE PRODUCTS -- 5 DEMONSTRATORS -- 6 ENABLING METHODS ANDTECHNOLOGIES -- 7 CONCLUSION AND DISCUSSION -- REFERENCES.
|
| 588 |
|
|
|a Description based on publisher supplied metadata and other sources.
|
| 590 |
|
|
|a Electronic reproduction. Ann Arbor, Michigan : ProQuest Ebook Central, 2024. Available via World Wide Web. Access may be limited to ProQuest Ebook Central affiliated libraries.
|
| 655 |
|
4 |
|a Electronic books.
|
| 776 |
0 |
8 |
|i Print version:
|a Björnsson, Andreas
|t Automated Layup and Forming of Prepreg Laminates
|d Linköping : Linkopings Universitet,c2017
|
| 797 |
2 |
|
|a ProQuest (Firm)
|
| 830 |
|
0 |
|a Linköping Studies in Science and Technology. Dissertations Series
|
| 856 |
4 |
0 |
|u https://ebookcentral.proquest.com/lib/matrademy/detail.action?docID=4866690
|z Click to View
|